000
00227nam a2200097Ia 4500
008
190216s9999||||xx |||||||||||||| ||und||
100
_a
Null
245
0
_a
Hindi-Deli Vijay Kala Aur Samapth
260
_b
Mcgraw -hill
942
_c
BK
999
_c
17310
_d
17310